00869 2200181 4500245006000000020002200060250001100082100001500093650002600108650002700134005001900161260004100180041001400221084001100235300002700246500040500273336000900678 aWanita - wanita Sukses Sepanjang MasacDetahestiahText a978-602-1659-43-4 aCet. 1 aDetahestia aBiografi Tokoh Wanita aWanita - wanita Sukses a20230927105522 aYogyakartabCharissa Publisherc2015 aIndonesia a920.72 avi, 282 hlm. :c21 cm. aBuku ini tidak sekedar mengisahkan jalan dan perjuangan hidup para tokoh perempuan kenamaan dunia. Tapi juga mengajak pembacca unruk menyelami lebih dalam pesan inti dari setiap kisah mereka. Pembaca bisa belajar tentang prinsip tak kenal menyerah dari seorang Merry Riana, menyerap semangat ketekunan dari Hellen Kellerm mengasah mental juara dari Agnes Monica, atau antusiasme dari Whoopi Goldberg. atext